| 000 | 00347nam a2200133Ia 4500 | ||
|---|---|---|---|
| 008 | 231017s9999 xx 000 0 und d | ||
| 082 | _a625.85 | ||
| 082 | _bPRO | ||
| 245 | 0 | _aNCHRP Report 539: Aggregate Properties and the Performance of Superpave-Designed Hot Mix Asphalt | |
| 245 | 0 | _cTRB | |
| 260 | _bTRB | ||
| 300 | _c30cm | ||
| 942 | _cREP | ||
| 999 |
_c604803 _d604803 |
||